ბათუმის შოთა რუსთაველის სახელმწიფო უნივერსიტეტის ბიბლიოთეკა

100 შეკითხვა მოძღვარს / (ბიბ.ჩანაწერი № 56936)

000 -ლიდერი
ფიქსირებული სიგრძის საკონტროლო ველი 01261nam a22002297a 4500
003 - საკონტროლო ნომრის იდენტიფიკატორი
საკონტროლო ველი Ge_BSU
005 - ბოლო ოპერაციის თარიღი და დრო
საკონტროლო ველი 20190626162424.0
008 - ფიქსირებული სიგრძის მონაცემთა ელემენტები - ზოგადი ინფორმაცია
ფიქსირებული სიგრძის საკონტროლო ველი 190626s2019 ||||| |||| 00| 0 geo d
020 ## - წიგნის საერთაშორისო სტანდარტული ნომერი
International Standard Book Number 9789941297281 ( წიგნი XVI )
041 ## - ენის კოდი
Language code of text/sound track or separate title geo
080 ## - უნივერსალური ათობითი კლასიფიკაციის ინდექსი
Universal Decimal Classification number 27-29 ა-87
245 ## - ცნობა სათაურის შესახებ
Title 100 შეკითხვა მოძღვარს /
Statement of responsibility, etc პროექტის ავტ . და რედ : თამარ მამაცაშვილი ; მხატვ : ლევან სილაგაძე.
264 ## - წარმოების, გამოცემის, დისტრიბუციის და სხვა ცნობები
გამოცემის, წარმოების, დისტრიბუციის... ადგილი თბილისი :
გამოცემის, წარმოების, დისტრიბუციის... სახელწოდება შპს ,,კოლორი",
გამოცემის, წარმოების, დისტრიბუციის... თარიღი 2019.
300 ## - ფიზიკური აღწერა
Extent 103 გვ .:
Other physical details ილ,
Dimensions 19 სმ.
490 ## - სერიის ცნობა
Series statement მეგზური სიკეთის სამყაროში 15
500 ## - ზოგადი შენიშვნა
General note წიგნში გამოყენებულია მასალები ჯურნალ ,, კარიბჭის" არქივიდან.
653 ## - INDEX TERM--UNCONTROLLED
Uncontrolled term რელიგია
653 ## - INDEX TERM--UNCONTROLLED
Uncontrolled term ქრისტიანობა
700 ## - ADDED ENTRY--PERSONAL NAME
Personal name მამაცაშვილი, თამარ
Relator term პროექტის ავტორი და რედაქტორი
9 (RLIN) 2211
700 ## - ADDED ENTRY--PERSONAL NAME
Personal name სილაგაძე, ლევან
Relator term მხატვარი
9 (RLIN) 2971
942 ## - ADDED ENTRY ELEMENTS (KOHA)
Source of classification or shelving scheme
Koha item type წიგნი
ეგზემპლარები
ჩამოწერის სტატუსი დაკარგული ეგზემპლარის სტატუსი კლასიფიკაციის წყარო ან თაროზე გაწყობის სქემა დაზიანების სტატუსი არ გაიცემა მუდმივი მდებარეობა (დაცვის ადგილი) ამჟამინდელი ადგილსამყოფელი თაროზე განთავსების ადგილი შეძენის თარიღი ღირებულება, შესყიდვის ნორმალური ფასი სრული შენახვის შიფრი შტრიხკოდი ბოლო ოპერაციის თარიღი ეგზემპლარის მიმდევრობითი ნომერი (კეტერი?) ფასის ძალაში შესვლის თარიღი ეგზემპლარის სახეობა საჯარო შენიშვნა
          ბათუმის შოთა რუსთაველის სახელმწიფო უნივერსიტეტის მთავარი ბიბლიოთეკა ბათუმის შოთა რუსთაველის სახელმწიფო უნივერსიტეტის მთავარი ბიბლიოთეკა წიგნსაცავი 2019-06-26 4.00 27-29 ა-87 29165 2019-06-26 29165 2019-06-26 წიგნი 4 ლ.